Statistics for "Christmas Time is Here" Lyrics

Click here to take the quiz!

General Stats

  • This quiz has been taken 12 times
  • The average score is 34 of 69

Answer Stats

Answer% Correct
Christmas
100%
Christmas
100%
here
100%
here
100%
is
100%
is
100%
the
100%
the
100%
the
100%
the
100%
time
100%
time
100%
time
100%
year
91%
year
91%
be
82%
and
73%
and
73%
and
73%
and
73%
and
73%
cheer
73%
of
73%
to
64%
air
55%
air
55%
all
55%
in
55%
in
55%
bells
45%
children
45%
near
45%
Sleigh
45%
call
36%
everywhere
36%
everywhere
36%
favorite
36%
Fun
36%
Snowflakes
36%
always
27%
Carols
27%
for
27%
Happiness
27%
love
27%
Oh
27%
that
27%
that
27%
their
27%
there
27%
we
27%
Beauty
18%
by
18%
could
18%
drawing
18%
see
18%
share
18%
spirit
18%
such
18%
through
18%
times
18%
We'll
18%
ancient
9%
dreams
9%
fireside
9%
joyful
9%
memories
9%
Olden
9%
rhymes
9%
Yuletide
9%

Score Distribution

Percentile by Number Answered

Percent of People with Each Score

Your Score History

You have not taken this quiz